000 00264nam a2200097Ia 4500
001 641998
005 20250826153518.0
008 250824s9999 xx 000 0 und d
245 0 _aLEVENT TÜRKİYEYİ GEZİYORUM 34 BOLU DA
_cMUSTAFA ORAKÇI
260 _bTİMAŞ ÇOCUK
999 _c641998
_d641998